Mystery shopping ako nástroj merania kvality stravovacích služieb diplomová práca

Saved in:
Bibliographic Details
Main Author: Šimková, Martina
Corporate Author: Obchodná fakulta EU. Katedra služieb a cestovného ruchu - zrušené
Other Authors: Bažó, Ladislav, 1980-
Format: Book
Language:Slovak
Published: Bratislava 2012
Tags: Add Tag
No Tags, Be the first to tag this record!

MARC

LEADER 00000nbm a2200000 4500
001 0159123
005 20170315090435.2
041 0 |a slo 
044 |a SK 
245 1 0 |a Mystery shopping ako nástroj merania kvality stravovacích služieb  |b diplomová práca  |c Martina Šimková ; školiteľ: Ladislav Bažó 
264 1 |a Bratislava  |c 2012 
300 |a 80 s. 
100 1 |a Šimková, Martina 
700 1 |a Bažó, Ladislav, 1980- 
710 2 |a Obchodná fakulta EU. Katedra služieb a cestovného ruchu - zrušené